UBT Library

Bosses, machines, and urban voters / (Record no. 44538)

000 -LEADER
fixed length control field 00619pam a2200241 a 4500
001 - CONTROL NUMBER
control field 4751780
005 - DATE AND TIME OF LATEST TRANSACTION
control field 20180309035101.0
008 - FIXED-LENGTH DATA ELEMENTS--GENERAL INFORMATION
fixed length control field 851017s1986 mdu b 001 0 eng
010 ## - LIBRARY OF CONGRESS CONTROL NUMBER
LC control number 85024042
020 ## - INTERNATIONAL STANDARD BOOK NUMBER
International Standard Book Number 080183323X
020 ## - INTERNATIONAL STANDARD BOOK NUMBER
International Standard Book Number 0801833124 (pbk.)
040 ## - CATALOGING SOURCE
Original cataloging agency DLC
Transcribing agency DLC
Modifying agency DLC
041 ## - LANGUAGE CODE
Language code of text/sound track or separate title eng
043 ## - GEOGRAPHIC AREA CODE
Geographic area code n-us---
080 ## - UNIVERSAL DECIMAL CLASSIFICATION NUMBER
Universal Decimal Classification number 320.80973 ALL
082 00 - DEWEY DECIMAL CLASSIFICATION NUMBER
Classification number 320.80973 ALL
Edition number 19
100 1# - Rafti
Rafti 20
101 ## - Shkurtesa
Shkurtesa POL
245 10 - TITLE STATEMENT
Title Bosses, machines, and urban voters /
Statement of responsibility, etc John M. Allswang.
504 ## - BIBLIOGRAPHY, ETC. NOTE
Bibliography, etc Bibliography: p. 169-170.
906 ## - LOCAL DATA ELEMENT F, LDF (RLIN)
a 7
b cbc
c orignew
d 1
e ocip
f 19
g y-gencatlg
942 ## - ADDED ENTRY ELEMENTS (KOHA)
Source of classification or shelving scheme
Item type Books
Holdings
Withdrawn status Lost status Source of classification or shelving scheme Damaged status Not for loan Collection code Permanent location Current location Shelving location Date acquired Total Checkouts Full call number Barcode Date last seen Price effective from Koha item type
          Koleksioni i përgjithshem UBT - Lipjan UBT - Lipjan Koleksioni i përgjithshem 03/09/2018   320.80973 ALL 002-3000903 03/09/2018 03/09/2018 Books
UBT Library © 2015-2024. All rights reserved University Education for Business and Technology